MARPOL : articles, protocols, annexes, unified interpretations of the International Convention for the Prevention of Pollution from Ships, 1973, as modified by the 1978 and 1997 protocols. / (Record no. 54)

000 -LEADER
fixed length control field 00733nam a2200169Ia 4500
008 - FIXED-LENGTH DATA ELEMENTS--GENERAL INFORMATION
fixed length control field 190719s9999||||xx |||||||||||||| ||und||
020 ## - INTERNATIONAL STANDARD BOOK NUMBER
International Standard Book Number 9789280115321
Terms of availability £ 65.00
040 ## - CATALOGING SOURCE
Original cataloging agency IMU Kochi
082 04 - DEWEY DECIMAL CLASSIFICATION NUMBER
Classification number 344.046343
Item number In821
110 ## - MAIN ENTRY--CORPORATE NAME
Corporate name or jurisdiction name as entry element International Maritime Organization
245 #0 - TITLE STATEMENT
Title MARPOL : articles, protocols, annexes, unified interpretations of the International Convention for the Prevention of Pollution from Ships, 1973, as modified by the 1978 and 1997 protocols. /
Statement of responsibility, etc. International Maritime Organization
250 ## - EDITION STATEMENT
Edition statement Consolidated ed. 2011, 5th ed.
260 ## - PUBLICATION, DISTRIBUTION, ETC.
Place of publication, distribution, etc. London :
Name of publisher, distributor, etc. International Maritime Organization ,
Date of publication, distribution, etc. 2011
300 ## - PHYSICAL DESCRIPTION
Extent ix, 447 p.
Dimensions ; 30 cm.
650 ## - SUBJECT ADDED ENTRY--TOPICAL TERM
Topical term or geographic name entry element Marine pollution
General subdivision Law and legislation
942 ## - ADDED ENTRY ELEMENTS (KOHA)
Source of classification or shelving scheme
Koha item type Books
Holdings
Withdrawn status Lost status Damaged status Not for loan Collection code Permanent Location Current Location Shelving location Date acquired Source of acquisition Cost, normal purchase price Total Checkouts Full call number Barcode Date last seen Date last checked out Price effective from Koha item type Public note Source of classification or shelving scheme
        IMO Collection IMU Kochi Library IMU Kochi Library Reference 2017-03-30 Excel Books Pvt. Ltd. 5300.00 25 344.046343 In821 BK004547 2024-11-22 2024-11-22 2019-07-19 Books Shelf-3, Row-2  
        IMO Collection IMU Kochi Library IMU Kochi Library Reference 2017-03-30 Excel Books Pvt. Ltd. 5300.00 29 344.046343 In821 BK004548 2025-01-24 2025-01-24 2019-07-19 Books Shelf-3, Row-2  
        IMO Collection IMU Kochi Library IMU Kochi Library Reference 2012-06-29 M/s World Books Service (Inv. No.609 dt. 2012-09-28) 5999.50 12 344.046343 In821 BK000466 2025-09-12 2025-09-12 2020-01-08 Books Shelf-3, Row-2  
        IMO Collection IMU Kochi Library IMU Kochi Library Reference 2012-06-29 M/s World Books Service (Inv. No.586 dt. 2012-06-23) 5947.50 6 344.046343 In821 BK000371 2023-03-15 2023-03-15 2020-01-10 Reference book Shelf-3, Row-2  


Copyright © All Rights Reserved by Indian Maritime University, Kochi Campus.
For any Suggestions/Query Contact to library or Email: library.kochi@imu.ac.in Ph:(0484)-2989402
(Web OPAC Designed by Rudra Ranjan. Maintained by IMU Kochi Library)

Powered by Koha